| 000 | 00786na a2200253 4500 | ||
|---|---|---|---|
| 001 | 13535 | ||
| 003 | MIRAKIL | ||
| 005 | 20181213154855.0 | ||
| 008 | 161010b tu 000 0 | ||
| 020 | _a9759586355 | ||
| 035 | _a13535 | ||
| 040 |
_aMilas _btur _cTR-AnCHP |
||
| 041 | _atur | ||
| 082 |
_a331.42 _bK96 1998 |
||
| 090 | _a331.42 K96 1998 | ||
| 245 |
_aKüresel pazar açısından kadın emeği ve istihdamındaki değişmeler _bTürkiye örneği _cyayına hazırlayan Ferhunde Özbay |
||
| 260 |
_aİstanbul _bİnsan Kaynağını Geliştirme Vakfı _c1998 |
||
| 300 |
_axiii, 191 s. _c21 sm. |
||
| 504 | _aKaynakça var. | ||
| 650 |
_aKadın işçiler _xİstihdam _zTürkiye |
||
| 650 |
_aKadın işgücü _xTürkiye |
||
| 700 | _aÖzbay, Ferhunde | ||
| 942 |
_2ddc _cBKS |
||
| 999 |
_c2374 _d2374 |
||